| 000 | 01853nam a22004335i 4500 | ||
|---|---|---|---|
| 001 | 11258 | ||
| 003 | ES-MaACL | ||
| 005 | 20250802063054.0 | ||
| 007 | t| | ||
| 008 | 930730r19921993sp ||||0| spa j | ||
| 017 |
_aM 8263-1993 _bOficina Depósito Legal Madrid |
||
| 020 | _a84-7100-259-0 | ||
| 040 |
_aM-BN _bspa _cM-BN |
||
| 080 | _a9(=924:460) | ||
| 100 | 1 |
_aBeinart, Haim _eaut _927072 |
|
| 245 | 1 | 4 |
_aLos judíos en España / _cHaim Beinart |
| 250 | _a2ª ed. | ||
| 260 |
_aMadrid : _bMAPFRE, _c1993 |
||
| 300 |
_a262 páginas ; _c23 cm |
||
| 490 | 1 |
_aColección América 92 ; _v8 |
|
| 490 | 1 |
_aColecciones MAPFRE 1492 _9241455 |
|
| 500 | _aReimp. de la 1ª ed., 1992 | ||
| 500 | _aÍndices | ||
| 500 | _aLa señal | ||
| 500 | _aGlosario | ||
| 504 | _aBibliografía: páginas [247]-249 | ||
| 505 | 0 | _aLos comienzos; Los judíos en la península durante el reino visigodo; Los judíos bajo gobierno musulmán; Los judíos en la parte cristiana de la península (siglos IX-XII); Los judíos en España a partir del siglo XIII; La sociedad hispano-judía y sus rasgos sociales; Siglo XIV: comienzos del estancamiento y declive; Los judíos durante la guerra de los hermanos; Aragón y Castilla en el siglo XV; Los Reyes Católicos; La expulsión | |
| 530 | _aDisponible en formato digital | ||
| 650 | 4 |
_aJudíos- _zEspaña- _xHistoria _913985 |
|
| 710 | 2 |
_aFundación MAPFRE América _eisb _94363 |
|
| 710 | 2 |
_aFundación MAPFRE _eedt _94362 |
|
| 830 | 0 |
_aColección América 92 ; _v8 _9178984 |
|
| 830 | 0 |
_aColecciones MAPFRE 1492 _9241455 |
|
| 852 |
_aES-MaACL _bR.124106 _cDEPO2 _jL-18603 |
||
| 856 |
_uhttp://hdl.handle.net/10357/65649 _yVersión en línea _z(Memoria Digital Vasca = Euskal Memoria Digitala) |
||
| 942 |
_2udc _cMONOGRAFIA _n0 |
||
| 999 |
_c11258 _d11258 |
||